00442 2200181 4500001002100000005001500021008004100036020001800077035001900095041000700114082000800121090001400129100002400143245001500167260002400182300002800206650002600234INLIS00000000001649520241224115133241224||||||||| | ||| |||| || |  a602-7993-61-8 0010-1224016495 aid0 a155 a155 EWA b0 aEwa Molika Sitompul00abubba game aJakartabArena Kids a176 hlm,; 15 cm x 23 cm 0aPsikolog Perkembangan